[Event "Game 2 RP vs Australia"]
[Site "http://www.queenalice.com/game.php?id=622505"]
[Date "2009.7.21"]
[Round "-"]
[White "nightw0lf"]
[Black "shadrach"]
[Result "1/2-1/2"]
[WhiteElo "2160"]
[BlackElo "2050"]

1. e4 e5 2. Nf3 Nc6 3. Bb5 a6 4. Bxc6 dxc6 5. O-O Bg4 6. h3 h5 7. d3 Qf6 8. Nbd2
Ne7 9. Re1 Ng6 10. Nf1 Bxf3 11. Qxf3 Qxf3 12. gxf3 O-O-O 13. Bg5 f6 14. Be3
1/2-1/2

[Event "QA Final Matches 1"]
[Site "http://www.queenalice.com/game.php?id=629378"]
[Date "2009.8.2"]
[Round "-"]
[White "nightw0lf"]
[Black "shadrach"]
[Result "1/2-1/2"]
[WhiteElo "2126"]
[BlackElo "2091"]

1. e4 e6 2. d4 d5 3. Nd2 f5 4. exf5 exf5 5. Bb5+ c6 6. Qh5+ g6 7. Qe2+ Qe7 8.
Qxe7+ Nxe7 9. Bd3 Bg7 10. Ngf3 O-O 11. O-O Nd7 12. Nb3 b6 13. Bg5 Bf6 14. Rfe1
Re8 15. Re2 Bxg5 16. Nxg5 Nf6 17. f3 h6 18. Rae1 hxg5 19. Rxe7 Rxe7 20. Rxe7 Bd7
21. Kf2 Re8 22. Rxe8+ Bxe8 23. h3 Bd7 24. g4 Kg7 25. a4 a5 26. Nd2 Kf7 27. c3
Ke6 28. Nf1 Ne8 29. Ne3 Nd6 30. b4 Be8 31. bxa5 bxa5 32. c4 dxc4 33. Bxc4+ Nxc4
34. Nxc4 Kd5 35. Nxa5 Kxd4 36. gxf5 gxf5 37. f4 g4 38. hxg4 fxg4 39. Kg3 1/2-1/2

[Event "QA Final Matches 2"]
[Site "http://www.queenalice.com/game.php?id=629379"]
[Date "2009.8.2"]
[Round "-"]
[White "shadrach"]
[Black "nightw0lf"]
[Result "0-1"]
[WhiteElo "2105"]
[BlackElo "2114"]

1. Nf3 Nf6 2. g3 g6 3. Bg2 Bg7 4. O-O O-O 5. d3 d5 6. Nbd2 Nbd7 7. e4 dxe4 8.
dxe4 e5 9. b3 b6 10. Bb2 Re8 11. a4 Bb7 12. Qe2 a5 13. Rad1 Qe7 14. Rfe1 Ba6 15.
Nc4 Qc5 16. Bf1 Rad8 17. Bc3 Bxc4 18. Qxc4 Ng4 19. Qxc5 Nxc5 20. h3 Rxd1 21.
Rxd1 Nxf2 22. Kxf2 Nxe4+ 23. Ke3 Nxc3 24. Rd7 e4 25. Nd4 c5 26. Nc6 Bh6+ 27. Kf2
e3+ 28. Ke1 e2 29. Bg2 Be3 30. Rd8 Bf2+ 31. Kd2 e1=Q+ 0-1

[Event "QA Final Matches 3"]
[Site "http://www.queenalice.com/game.php?id=629949"]
[Date "2009.8.3"]
[Round "-"]
[White "shadrach"]
[Black "nightw0lf"]
[Result "1-0"]
[WhiteElo "2088"]
[BlackElo "2127"]

1. g3 d5 2. Bg2 c6 3. d3 Nf6 4. Nf3 Nbd7 5. O-O e5 6. Nbd2 Bd6 7. e4 O-O 8. b3
Re8 9. Bb2 Qc7 10. Re1 Nf8 11. a3 Ng6 12. exd5 cxd5 13. c4 Bg4 14. h3 Bf5 15.
cxd5 Bxd3 16. Rc1 Qb6 17. Nc4 Bxc4 18. Rxc4 e4 19. Bd4 Qa5 20. Ng5 Be5 21. Nxe4
Bxd4 22. Rxd4 Nxe4 23. Rdxe4 Rxe4 24. Rxe4 Qxa3 25. d6 Rd8 26. d7 Kf8 27. Re8+
Rxe8 28. d8=Q 1-0

[Event "QA Final Matches 4"]
[Site "http://www.queenalice.com/game.php?id=629951"]
[Date "2009.8.3"]
[Round "-"]
[White "nightw0lf"]
[Black "shadrach"]
[Result "1/2-1/2"]
[WhiteElo "2128"]
[BlackElo "2086"]

1. e4 e6 2. d4 d5 3. Nd2 Nf6 4. e5 Nfd7 5. f4 c5 6. Ngf3 Nc6 7. Bb5 Qb6 8. Bxc6
bxc6 9. c3 cxd4 10. cxd4 g6 11. O-O c5 12. Nb3 a5 13. dxc5 Nxc5 14. Be3 a4 15.
Nxc5 Bxc5 16. Bxc5 Qxc5+ 17. Qd4 Qxd4+ 18. Nxd4 Ba6 19. Rfc1 O-O 20. b4 axb3 21.
axb3 Rfb8 22. Ra3 Bd3 23. Rxa8 Rxa8 24. Kf2 Ra2+ 25. Kg3 Be4 26. Nf3 Rb2 27. Rc3
Bc2 28. Nd4 Be4 29. Nf3 1/2-1/2

[Event "QA Final Matches 1"]
[Site "http://www.queenalice.com/game.php?id=629958"]
[Date "2009.8.3"]
[Round "-"]
[White "shadrach"]
[Black "arsen387"]
[Result "1/2-1/2"]
[WhiteElo "2101"]
[BlackElo "2128"]

1. Nf3 Nf6 2. d4 g6 3. c4 Bg7 4. Nc3 O-O 5. e4 d6 6. Be2 Nbd7 7. O-O e5 8. Be3
Re8 9. d5 Ng4 10. Bg5 f6 11. Bd2 Nf8 12. Ne1 h5 13. h3 Nh6 14. Nd3 f5 15. exf5
Nxf5 16. a3 Nd4 17. b4 Bf5 18. Rb1 e4 19. Nf4 e3 20. Bxe3 Nxe2+ 21. Ncxe2 Bxb1
22. Qxb1 Qg5 23. Ne6 Qe7 24. N2f4 Nxe6 25. dxe6 g5 26. Nd5 Qxe6 27. Nxc7 Qxc4
28. Nxe8 Rxe8 29. Qg6 Re6 30. Qxg5 Qe4 31. Re1 Rg6 32. Qd8+ Kh7 33. g3 d5 34.
Bd2 Qd3 35. Be3 Bc3 36. Qc7+ Rg7 37. Qf4 Bxe1 38. Qh6+ Kg8 39. Qe6+ Rf7 40. Qe8+
Kg7 1/2-1/2

[Event "QA Final Matches 2"]
[Site "http://www.queenalice.com/game.php?id=629964"]
[Date "2009.8.3"]
[Round "-"]
[White "arsen387"]
[Black "shadrach"]
[Result "0-1"]
[WhiteElo "2051"]
[BlackElo "2054"]

1. e4 e6 2. d4 d5 3. Nc3 Nf6 4. Bg5 dxe4 5. Nxe4 Be7 6. Ng3 O-O 7. Nf3 c5 8. Be2
cxd4 9. Nxd4 Qa5+ 10. Bd2 Qb6 11. Nb3 Rd8 12. O-O Nc6 13. c4 Bb4 14. Qc2 a5 15.
Be3 Qc7 16. Rad1 Bd7 17. Nc5 Bxc5 18. Bxc5 Nb4 19. Bd6 Qxd6 20. Rxd6 Nxc2 21. a3
Bc6 22. Rfd1 Rxd6 23. Rxd6 e5 24. f4 Nd4 25. Bd1 exf4 0-1

[Event "QA Final Matches 3"]
[Site "http://www.queenalice.com/game.php?id=629966"]
[Date "2009.8.3"]
[Round "-"]
[White "arsen387"]
[Black "shadrach"]
[Result "1-0"]
[WhiteElo "2155"]
[BlackElo "2102"]

1. e4 e6 2. d4 d5 3. Nc3 Bb4 4. e5 c5 5. a3 Bxc3+ 6. bxc3 Ne7 7. Qg4 O-O 8. Bd3
f5 9. exf6 Rxf6 10. Bg5 Rf7 11. Qh5 g6 12. Qd1 Nbc6 13. Nf3 Qa5 14. Bd2 c4 15.
Be2 Nf5 16. O-O Bd7 17. Ng5 Rg7 18. f4 Re8 19. Bg4 b5 20. Nf3 Nd6 21. Ne5 Ne4
22. Nxd7 Rxd7 23. Bf3 Nxd2 24. Qxd2 a6 25. Rfe1 Qc7 26. Bg4 Qd6 27. f5 Rde7 28.
fxg6 hxg6 29. Qh6 e5 30. Bf5 Rg7 31. Re3 Qf6 32. Rf1 Rf8 33. Bd3 Qe7 34. Rxf8+
Qxf8 35. Bxg6 Ne7 36. Rg3 Rxg6 37. Rxg6+ Nxg6 38. Qxg6+ Kh8 39. Qh5+ Kg7 40.
Qg5+ Kh8 41. dxe5 Qxa3 42. e6 Qxc3 43. Kf1 Qa1+ 44. Ke2 Qc3 45. e7 Qxc2+ 46. Kf3
Qd3+ 47. Kg4 Qd4+ 48. Kh3 Qd3+ 49. g3 Qh7+ 50. Qh4 1-0

[Event "QA Final Matches 4"]
[Site "http://www.queenalice.com/game.php?id=629967"]
[Date "2009.8.3"]
[Round "-"]
[White "shadrach"]
[Black "arsen387"]
[Result "0-1"]
[WhiteElo "2094"]
[BlackElo "2110"]

1. Nf3 Nf6 2. g3 b5 3. Bg2 Bb7 4. O-O e6 5. d3 d5 6. Nbd2 c5 7. e4 Be7 8. Re1
Nc6 9. a4 b4 10. exd5 exd5 11. Nb3 O-O 12. Be3 Nd7 13. a5 a6 14. Bf4 Bf6 15. Bd6
Bxb2 16. Rb1 Bc3 17. Bxf8 Kxf8 18. Re2 Nxa5 19. Nxa5 Qxa5 20. Nd2 Qc7 21. Rb3
Nb6 22. Nb1 Na4 23. Nxc3 Nxc3 24. Rxc3 bxc3 25. Qa1 d4 26. Bxb7 Qxb7 27. Re5 Qc7
28. f4 f6 29. Re6 a5 30. Qa4 Qb7 31. Rc6 Re8 32. Kf2 Qb1 33. Rxc5 Qh1 34. Rxa5
Qxh2+ 0-1

[Event "nightw0lf"]
[Site "http://www.queenalice.com/game.php?id=637353"]
[Date "2009.8.15"]
[Round "3"]
[White "shadrach"]
[Black "technicaldraw"]
[Result "1-0"]
[WhiteElo "2070"]
[BlackElo "2058"]

1. e4 c5 2. Nf3 d6 3. d4 cxd4 4. Nxd4 Nf6 5. Nc3 a6 6. Be3 e5 7. Nf3 Be7 8. Bc4
O-O 9. O-O Be6 10. Bb3 Qc7 11. Qe2 Re8 12. Rfd1 Nbd7 13. Ng5 Bxb3 14. cxb3 h6
15. Nf3 Rac8 16. Rac1 Qb8 17. b4 Nf8 18. a4 Ng6 19. b5 Red8 20. bxa6 bxa6 21.
Qxa6 Qxb2 22. Qb5 Qa3 23. Ra1 Qxc3 24. Rdc1 Rb8 25. Rxc3 Rxb5 26. axb5 Nxe4 27.
Rc7 Nc5 28. b6 Rb8 29. Bxc5 dxc5 30. b7 1-0

[Event "Game 1"]
[Site "http://www.queenalice.com/game.php?id=642286"]
[Date "2009.8.25"]
[Round "-"]
[White "positionalgenius"]
[Black "shadrach"]
[Result "1/2-1/2"]
[WhiteElo "1874"]
[BlackElo "2092"]

1. e4 c5 2. Nf3 e6 3. d4 cxd4 4. Nxd4 Nf6 5. Nc3 Nc6 6. Bg5 Bb4 7. Nb5 Qa5 8.
Bxf6 gxf6 9. a3 Bxc3+ 10. Nxc3 Qb6 11. Na4 Qa5+ 12. Nc3 Qb6 13. Na4 Qa5+ 14. Nc3
a6 15. Be2 Qb6 16. Na4 Qa5+ 17. Nc3 Qe5 18. O-O Nd4 19. f4 Qc5 20. Kh1 Nxe2 21.
Qxe2 b5 22. f5 Qe5 23. Rad1 Bb7 24. Qd3 Bc6 25. Qd4 Qxd4 26. Rxd4 Ke7 27. fxe6
1/2-1/2

[Event "Game 2"]
[Site "http://www.queenalice.com/game.php?id=642287"]
[Date "2009.8.25"]
[Round "-"]
[White "shadrach"]
[Black "positionalgenius"]
[Result "1-0"]
[WhiteElo "2089"]
[BlackElo "1826"]

1. e4 c5 2. Nf3 d6 3. d4 cxd4 4. Nxd4 Nf6 5. Nc3 a6 6. Be3 e5 7. Nf3 Be6 8. Ng5
Be7 9. Nxe6 fxe6 10. Bc4 Qd7 11. Qf3 Nc6 12. Qh3 d5 13. exd5 exd5 14. Qxd7+ Nxd7
15. Nxd5 O-O-O 16. Nxe7+ Nxe7 17. O-O-O Nf6 18. Rhe1 Nc6 19. Bb6 Rxd1+ 20. Rxd1
Re8 21. Bf7 Re7 22. Bb3 Nd7 23. Be3 Na5 24. Bd5 Nf6 25. Bg5 h6 26. Bxf6 gxf6 27.
b4 Nc6 28. Bxc6 bxc6 29. Rd6 Rf7 30. Rxc6+ Kb7 31. Rc5 Rg7 32. g3 Rg4 33. c3 Re4
34. Kd2 f5 35. f3 1-0

[Event "Game 3 RP-Australia Match"]
[Site "http://www.queenalice.com/game.php?id=646192"]
[Date "2009.9.2"]
[Round "-"]
[White "shadrach"]
[Black "nightw0lf"]
[Result "1/2-1/2"]
[WhiteElo "2089"]
[BlackElo "2115"]

1. g3 d5 2. Bg2 c6 3. d3 Nf6 4. Nf3 Bg4 5. O-O Bxf3 6. Bxf3 e6 7. Nd2 Be7 8. e4
O-O 9. Qe2 Re8 10. Rb1 Na6 11. a3 Rc8 12. e5 Nd7 13. Re1 b5 14. Nb3 c5 15. Bd2
Bg5 16. Ba5 Nb6 17. Bd2 Bxd2 18. Qxd2 Nd7 19. Bh5 g6 20. Bf3 Qb6 21. Qf4 Kg7 22.
h4 Qd8 23. h5 g5 24. Qg4 h6 25. Nd2 f5 26. exf6+ Nxf6 27. Qh3 Qd6 28. c4 dxc4
29. Ne4 Nxe4 30. dxe4 Qe5 31. Rbd1 Rcd8 32. Bg4 Kf6 33. Qg2 Ke7 34. Qf3 Rf8 35.
Qc3 Qxc3 36. bxc3 Nb8 37. e5 Nc6 38. Rd6 Rxd6 39. exd6+ Kxd6 40. Rxe6+ Kd5 41.
Rxh6 Ne5 42. Bd1 a5 43. f4 gxf4 44. gxf4 Rxf4 45. Rb6 b4 46. axb4 axb4 47. cxb4
cxb4 48. Rxb4 Rf6 49. Kg2 Nd3 50. Rb5+ Kd4 51. Kg3 Nc5 52. Kg4 c3 53. Bc2 Rf2
54. Bd1 Rd2 55. Rb4+ Kd3 56. Rb1 Ne4 57. h6 Rh2 58. Rb6 Kd2 59. Bb3 Nc5 60. Kg3
Rh1 61. Kg2 Rh5 62. Rd6+ Kc1 63. Bf7 Rh4 64. Kg3 Rh1 1/2-1/2

[Event "Challenge #01"]
[Site "http://www.queenalice.com/game.php?id=651624"]
[Date "2009.9.13"]
[Round "-"]
[White "Aylton"]
[Black "shadrach"]
[Result "1/2-1/2"]
[WhiteElo "1956"]
[BlackElo "2083"]

1. d4 Nf6 2. Nf3 c5 3. e3 g6 4. c4 Bg7 5. Nc3 O-O 6. Be2 cxd4 7. exd4 d5 8. h3
Nc6 9. Be3 b6 10. O-O Bb7 11. a3 Rc8 12. cxd5 Nxd5 13. Rc1 Nxe3 14. fxe3 e5 15.
dxe5 Nxe5 16. Nxe5 Bxe5 17. Qxd8 Rfxd8 18. Rfd1 Rxd1+ 19. Bxd1 Re8 20. Kf2 Bf6
21. Bf3 Ba6 22. e4 Rd8 23. Rd1 Rxd1 24. Nxd1 Bc4 25. Ke3 Bg5+ 26. Kd4 b5 27. Kc5
Bc1 28. Kc6 Bb3 29. Kb7 Bxd1 30. Bxd1 Bxb2 31. Kxa7 Bxa3 32. Kb6 1/2-1/2

[Event "Challenge #02"]
[Site "http://www.queenalice.com/game.php?id=651625"]
[Date "2009.9.13"]
[Round "-"]
[White "shadrach"]
[Black "Aylton"]
[Result "1-0"]
[WhiteElo "2078"]
[BlackElo "1948"]

1. e4 c5 2. Nf3 Nc6 3. d4 cxd4 4. Nxd4 e5 5. Nb5 d6 6. N1c3 a6 7. Na3 b5 8. Nd5
Nge7 9. c4 Nd4 10. Be3 Nxd5 11. cxd5 Qa5+ 12. Bd2 Qb6 13. Be3 Qa5+ 14. Bd2 Qb6
15. Rc1 f5 16. Bd3 fxe4 17. Bxe4 Nf5 18. O-O g6 19. Rc6 Qd8 20. Nc2 Bb7 21. Rc3
Qd7 22. Nb4 Be7 23. Nc6 O-O 24. a4 bxa4 25. Qxa4 Bxc6 26. dxc6 Qc8 27. c7 Kg7
28. Bxa8 Qxa8 29. Rfc1 Rc8 30. Qd7 Kf6 31. g4 Nd4 32. Bg5+ Kxg5 33. Qxe7+ Kxg4
34. Rg3+ Kf4 35. Qg5+ Ke4 36. Re3+ Kd5 37. Qg2+ Ke6 38. Qxa8 Rxa8 39. c8=Q+ Rxc8
40. Rxc8 Kd5 41. Ra3 Ke4 42. Rxa6 d5 43. b4 Nf3+ 44. Kg2 d4 45. b5 d3 46. b6 d2
47. Rd8 Nd4 48. Rxd4+ Kxd4 49. b7 Kc5 50. Ra1 1-0

[Event "Challenge #03"]
[Site "http://www.queenalice.com/game.php?id=652851"]
[Date "2009.9.15"]
[Round "-"]
[White "Aylton"]
[Black "shadrach"]
[Result "0-1"]
[WhiteElo "1977"]
[BlackElo "2078"]

1. f4 e5 2. fxe5 d6 3. exd6 Bxd6 4. Nf3 g5 5. e3 g4 6. Nd4 Qh4+ 7. Ke2 g3 8. h3
Bg4+ 9. Nf3 Bxf3+ 10. gxf3 Nc6 11. Bg2 O-O-O 12. Nc3 Nf6 13. d3 Rde8 14. a3 Nd4+
15. Kf1 Nf5 16. e4 Nd4 17. Ne2 Nxe2 18. Qxe2 Nd5 19. c4 Nf4 20. Bxf4 Qxf4 21. b4
f5 22. c5 Be5 23. Rb1 fxe4 24. dxe4 Rd8 25. Rd1 Rd4 26. Rxd4 Bxd4 27. Ke1 Qc1+
28. Qd1 Qe3+ 29. Qe2 Bc3+ 0-1

[Event "Challenge #04"]
[Site "http://www.queenalice.com/game.php?id=652852"]
[Date "2009.9.15"]
[Round "-"]
[White "shadrach"]
[Black "Aylton"]
[Result "1-0"]
[WhiteElo "2090"]
[BlackElo "1965"]

1. e4 e6 2. d4 d5 3. Nc3 Bb4 4. e5 Ne7 5. a3 Bxc3+ 6. bxc3 c5 7. Qg4 g6 8. h4
Nbc6 9. Be3 c4 10. h5 Qa5 11. Ne2 Bd7 12. hxg6 fxg6 13. Bh6 Nf5 14. Bd2 O-O-O
15. a4 Rdg8 16. Nf4 h5 17. Qg5 Nce7 18. Be2 Qd8 19. O-O Nc6 20. Qxd8+ Kxd8 21.
a5 a6 22. Rfb1 Bc8 23. Nh3 Nfxd4 24. cxd4 Nxd4 25. Bd1 Nc6 26. Ng5 Rf8 27. Nf3
Rf5 28. Bg5+ Kd7 29. Bf6 Rg8 30. c3 Rf8 31. Ba4 R5xf6 32. exf6 Rxf6 33. Nd4 e5
34. Nxc6 bxc6 35. Rb6 Kc7 36. f3 Re6 37. Re1 Kd7 38. Kh2 Kc7 39. Kg3 Bb7 40. Kh4
Bc8 41. Kg5 Kd7 42. Bc2 Kd6 43. Bxg6 Kc5 44. Bf5 Re8 45. Bxc8 1-0

[Event "Game 4 RP-Australia Match"]
[Site "http://www.queenalice.com/game.php?id=675023"]
[Date "2009.10.30"]
[Round "-"]
[White "nightw0lf"]
[Black "shadrach"]
[Result "1-0"]
[WhiteElo "1937"]
[BlackElo "2073"]

1. b3 e5 2. Bb2 Nc6 3. e3 Nf6 4. Bb5 Bd6 5. Bxc6 dxc6 6. Ne2 O-O 7. O-O Be6 8.
d3 Qe7 9. Nd2 Rad8 10. Ng3 Rfe8 11. Nde4 Nxe4 12. Nxe4 f5 13. Nxd6 cxd6 14. Qd2
Rf8 15. f4 Bd7 16. fxe5 dxe5 17. Qa5 b5 18. Ba3 c5 19. Qxa7 b4 20. Bb2 Ra8 21.
Qc7 e4 22. dxe4 fxe4 23. Rfd1 Rad8 24. Rd2 Rf7 25. Rad1 h6 26. h3 Kh7 27. Rd5
Qh4 28. Rxd7 1-0